Statystyki dla Mistrzowie Polski - Piłka nożna

Kliknij tutaj aby rozwiązać quiz!

Ogólne statystyki

  • Ten quiz został rozwiązany 1 396 razy
  • Średni wynik to 8 z 16

Statystyki odpowiedzi

Mistrzowie Polski% Poprawnych
3Legia Warszawa
100%
2Lech Poznan
96%
1Wisla Krakow
81%
8Ruch Chorzow
68%
9Gornik Zabrze
64%
5Cracovia
56%
11Widzew Lodz
55%
4Polonia Warszawa
51%
7Piast Gliwice
49%
10Lks Lodz
43%
6Zaglebie Lubin
35%
14Polonia Bytom
21%
13Stal Mielec
19%
16Pogon Lwow
18%
12Szombierki Bytom
12%
15Garbarnia Krakow
6%

Rozkład punktacji

Percentyl według liczby udzielonych odpowiedzi

Procent ludzi z każdym wynikiem

Twoja historia wyników

Nie rozwiązałeś tego quizu